00804nam a2200217 a 450000100060000000300080000600500170001400800410003102000290007203500190010104000270012004100080014708200290015524501560018426000640034030000290040450400410043365000290047465000530050370000300055656362BD-RjUL20211209080403.0161128s1996 bg b 100 0 eng  a9845590823c: Tk. 200.00 a(BD-RjUL)56486 aDLCcDLCdBD-RjULbeng aeng00a720.470954223bENV 199600aEnvironment and sustainable agriculture in rural development :ba handbook on a regional training programme /cedited by Md. Abdul Quddus ... [et al.]. aComilla :bBangladesh Academy for Rural Development,c1996  a263 p. :bill. ;c23 cm. aIncludes bibliographical references. 0aSustainable agriculture. 0aRural developmentxEnvironmental aspectszIndia.1 aQuddus, Md. Abdul,d1947-